000 01094nam a2200277Ia 4500
003 OSt
005 20221005105913.0
006 a|||||r|||| 00| 0
007 ta
008 ORI
020 _a8172014260 (pbk)
_c150
024 _a92153
037 _b522, 19/03/2009, Vani Prakashan
_cTextual
040 _aCRL
_cCRL
_bORI
041 _2ORI
_aORI
082 _aO1591,1MBAx, 152N2
100 _aबारिक, सौरीन्द्र
245 0 _aआकाश सा सघन
246 _aĀkāsh sā saghana
260 _aनई दिल्ली
_bसाहित्य अकादेमी भारत
_c1992
300 _a67पृ0
_ccm.
490 _aसाहित्य अकादेमी द्वारा पुरस्कृत ओड़िया कविता - संकलन
700 _a दास, वनमाली, अनु.
942 _hO1591,1MBAx, 152N2
_cTEXL
_2cc
999 _c1017244
_d1017244